000 00390nam a2200169Ia 4500
005 20250423095306.0
008 250422s9999 xx 000 0 und d
020 _a9783625527
050 _aHD 1375 .A36/
100 _aAkomoledge, Kola
245 0 _aEstate agency practice in Nigeria
260 _aLagos
260 _bBamboo Books
260 _c2006
300 _a205 p
942 _cBK
999 _c29829
_d29829